000
00319nam a2200133Ia 4500
008
190216s9999||||xx |||||||||||||| ||und||
100
_a
Gupta Das And Prasad
245
0
_a
Abstract Algebra Degree Level
250
_a
2nd Ed.
260
_b
Barathi Bavan
_c
1988
300
_a
227p
650
_a
Mathematics
942
_c
BK
999
_c
30979
_d
30979